| 000 | 00624cam a22002291 4500 | ||
|---|---|---|---|
| 001 | 7481029 | ||
| 005 | 20180208032945.0 | ||
| 008 | 770225s1957 miu 000 0 eng | ||
| 010 | _a 59002119 | ||
| 035 | _a(OCoLC)2763283 | ||
| 040 |
_aDLC _cTxBeaL _dOCoLC _dDLC |
||
| 041 | 1 | _aengund | |
| 042 | _apremarc | ||
| 080 | _a230.42 CAL | ||
| 082 | _a230.42 CAL | ||
| 100 | 1 | _a24 | |
| 101 | _aTEO | ||
| 240 | 1 | 0 |
_aInstitutio Christianae religionis. _lEnglish |
| 245 | 1 | 0 |
_aInstitutes of the Christian religion. _cTranslated by Henry Beveridge. |
| 906 |
_a7 _bcbc _coclcrpl _du _encip _f19 _gy-gencatlg |
||
| 942 |
_2ddc _cBK |
||
| 999 |
_c42064 _d42064 |
||